Ligue 1 Meilleurs joueurs - Statistiques

Statistiques générales
  • Ce quiz a été pris 127 fois
  • Le résultat moyen est 8 sur 23
Statistiques - réponses
Année Meilleur Joueur % Correct
2019 Kylian Mbappe
100%
2021 Kylian Mbappe
100%
2022 Kylian Mbappe
100%
2018 Neymar
85%
2008 Karim Benzema
46%
2006 Juninho
45%
2013 Zlatan Ibrahimovic
34%
2014 Zlatan Ibrahimovic
34%
2016 Zlatan Ibrahimovic
34%
2002 Pauleta
31%
2003 Pauleta
31%
2017 Edinson Cavani
21%
2015 Alexandre Lacazette
20%
2011 Eden Hazard
18%
2012 Eden Hazard
18%
2009 Yoann Gourcuff
13%
2010 Lisandro Lopez
9%
2004 Didier Drogba
8%
2001 Eric Carriere
7%
2007 Florent Malouda
7%
2005 Michael Essien
7%
2020 -
6%
2000 Marcelo Gallardo
3%
Aucun quiz correspondant
Distribution des résultats
% des personnes avec chaque résultat
Percentile par nombre de réponses
Votre historique - résultats
Vous n’avez pas pris ce quiz